シャニマスアイドルのイメージカラー - Statistics

General Stats
  • This quiz has been taken 108 times
  • The average score is 21 of 27
Answer Stats
カラー コード 名前 % Correct
#FFBAD6 櫻木真乃
88%
#FFE012 八宮めぐる
87%
#23120C 斑鳩ルカ
87%
#144384 風野灯織
85%
#E5461C 小宮果穂
83%
#FFC602 西城樹里
80%
#F30100 芹沢あさひ
80%
#50D0D0 浅倉透
80%
#BE1E3E 樋口円香
80%
#A6CEB6 七草にちか
80%
#760F10 緋田美琴
80%
#D9F2FF 幽谷霧子
77%
#F54275 大崎甘奈
77%
#F84CAD 月岡恋鐘
76%
#E75BEC 大崎甜花
76%
#5CE626 黛冬優子
76%
#FFC639 市川雛菜
76%
#A846FB 田中摩美々
75%
#89C3EB 杜野凛世
75%
#F93B90 園田智代子
75%
#90E667 有栖川夏葉
73%
#FBFAFA 桑山千雪
73%
#3B91C4 三峰結華
72%
#006047 白瀬咲耶
72%
#FF00FF 和泉愛依
72%
#7967C3 福丸小糸
72%
#8ADFFF 七草はづき
61%
No matching quizzes found
Score Distribution
Percent of People with Each Score
Percentile by Number Answered
Your Score History
You have not taken this quiz